000
00307nam a22001337a 4500
008
170822b xxu||||| |||| 00| 0 eng d
020
_a
0125581807
041
_a
eng
080
_a
51
100
_a
38
101
_a
MST
245
_a
ALGEBRAIC GROUPS AND NUMBER THEORY
_c
PLATONOV.V
942
_2
udc
_c
BK
999
_c
24548
_d
24548